Entre surcos de piña: resistiendo el tiempo esclavo en el monocultivo /
Spremljeno u:
| Glavni autor: | |
|---|---|
| Daljnji autori: | |
| Format: | Knjiga |
| Jezik: | Spanish |
| Oznake: |
Dodaj oznaku
Bez oznaka, Budi prvi tko označuje ovaj zapis!
|
MARC
| LEADER | 00000nam a22000007a 4500 | ||
|---|---|---|---|
| 003 | cru CIDCACS/IIS | ||
| 005 | 20200925161402.0 | ||
| 007 | ta | ||
| 008 | 170803s2015 cr ||||| |||| 00| 0 spa d | ||
| 999 | |c 19530 |d 19530 | ||
| 040 | |c CRAI/IIS |a CRAI/IIS | ||
| 100 | 1 | |9 5079 |a Segura Hernández, Gabriela | |
| 245 | 1 | |a Entre surcos de piña: |b resistiendo el tiempo esclavo en el monocultivo / |c Gabriela Segura Hernández, Karla Ramírez Mora, | |
| 300 | |a páginas 11-23 | ||
| 700 | 1 | |9 5080 |a Ramírez Mora, Karla | |
| 773 | 0 | |0 19529 |9 1075 |a Universidad de Costa Rica. |d San José, Costa Rica: Editorial de la Universidad de Costa Rica, ago. 1992- |o 17999 |t Reflexiones / | |
| 942 | |2 ddc |c PP | ||
